000 00903nam a22001937a 4500
999 _c61997
_d61997
003 Ge_BSU
005 20240619171735.0
008 240619s1955 ge ||||| |||| 00| 0 geo d
041 _ageo
080 _a615.838(479.22-25) ნ-78
100 _aნოდია, მ.
_922473
245 _aთბილისის კურორტები და სააგარაკო ადგილები /
_cმ. ნოდია; რედ. ს. საყვარელიძე.
264 _aთბილისი :
_b საქმედგამი,
_c1955.
300 _a96 გვ. :
_b16 ფ. ილ.
_c21სმ.
653 _a კურორტები თბილისში
653 _a სააგარაკო ადგილები თბილისში
700 _aსაყვარელიძე, ს.
_eრედაქტორი
_922508
942 _2udc
_cᲬᲘᲒᲜᲘ